[Event "Caro-Kann, Can You? July 2012 30/1/45"]
[Site "SchemingMind.com"]
[Date "2012.07.14"]
[Round "-"]
[White "James Reed"]
[Black "Iucounu"]
[Result "1/2-1/2"]
[WhiteCountry "ENG"]
[BlackCountry "ENG"]
[WhiteElo "1581"]
[WhiteRD "56"]
[BlackElo "1437"]
[BlackRD "48"]
[GameID "314319"]

1. e4 c6 2. d4 d5 3. Nc3 dxe4 4. Nxe4 Bf5 5. Ng3 Bg6 6. h4 e6 7. N1e2 Bb4+ 8. c3 Bd6 9. Bf4 Nf6 10. h5 Bf5
11. h6 g6 12. Bg5 Nbd7 13. Qd2 O-O 14. Bxf6 Qxf6 15. Nf4 Nb6 16. a3 Bxf4 17. Qxf4 Nd5 18. Qd2 Ne7 19. Be2 Nd5 20. Bc4 b5
21. Bxd5 exd5 22. O-O a5 23. Rfe1 a4 24. f3 Rfe8 25. Nxf5 Qxf5 26. Re5 Rxe5 27. dxe5 Qxe5 28. Re1 Qf6 29. Qd4 Qxd4+ 30. cxd4 Kf8
31. Re3 Re8 32. Rc3 Re6 33. Kf2 f5 34. b4 Ke7 35. Re3 Rxe3 36. Kxe3 Ke6 37. f4 Kf6 38. g3 g5 39. Kf3 g4+ 40. Kg2 Kg6
41. Kf2 Kxh6 42. Kg2 Kg6 43. Kh2 h5 44. Kg2 Kh6=
1/2-1/2

[Event "Caro-Kann, Can You? July 2012 30/1/45"]
[Site "SchemingMind.com"]
[Date "2012.07.14"]
[Round "-"]
[White "Iucounu"]
[Black "James Reed"]
[Result "1/2-1/2"]
[WhiteCountry "ENG"]
[BlackCountry "ENG"]
[WhiteElo "1437"]
[WhiteRD "48"]
[BlackElo "1581"]
[BlackRD "56"]
[GameID "314320"]

1. e4 c6 2. d4 d5 3. Nc3 dxe4 4. Nxe4 Nd7 5. Nf3 Ngf6 6. Nxf6+ Nxf6 7. Bc4 e6 8. Bg5 Be7 9. O-O O-O 10. c3 h6
11. Bf4 Bd6 12. Qd2 b5 13. Bd3 Re8 14. Bxd6 Qxd6 15. Ne5 a6 16. b4 Nd7 17. Nxd7 Bxd7 18. a4 e5 19. Bc2 exd4 20. Qxd4 Qxd4
21. cxd4 Re2 22. Bd3 Rd2 23. Rfd1 Rb2 24. Rdb1 Rd2 25. Rd1 Rb2 26. Rdb1 Rxb1+ 27. Rxb1 Be6 28. a5 g6 29. Rc1 Bd7 30. Be4 Rc8
31. d5 cxd5 32. Rxc8+ Bxc8 33. Bxd5 Kf8 34. f4 Ke7 35. Kf2 f5 36. g3 Kd6 37. Bf7 g5 38. fxg5 hxg5 39. h4 gxh4 40. gxh4 f4
41. Kf3 Ke5 42. h5 Bf5 43. Bg6 Bxg6 44. hxg6 Kf6 45. Kxf4 Kxg6 46. Ke5 Kf7 47. Kd6 Ke8 48. Kc7 Ke7 49. Kc6 Ke6 50. Kb6 Kd5
51. Kxa6 Kc6 52. Ka7=
1/2-1/2

[Event "Caro-Kann, Can You? July 2012 30/1/45"]
[Site "SchemingMind.com"]
[Date "2012.07.19"]
[Round "-"]
[White "cnile"]
[Black "Iucounu"]
[Result "0-1"]
[WhiteCountry "SCO"]
[BlackCountry "ENG"]
[WhiteElo "1447"]
[WhiteRD "58"]
[BlackElo "1384"]
[BlackRD "49"]
[GameID "314344"]

1. e4 c6 2. d4 d5 3. exd5 cxd5 4. c4 dxc4 5. Bxc4 Nc6 6. Nf3 Bf5 7. O-O Bg4 8. Qb3 e6 9. h3 Bxf3 10. Qxf3 Rb8
11. Rd1 Nxd4 12. Bb5+ Ke7 13. Qd3 Nxb5 14. Qxd8+ Rxd8
0-1

[Event "Caro-Kann, Can You? July 2012 30/1/45"]
[Site "SchemingMind.com"]
[Date "2012.07.19"]
[Round "-"]
[White "cnile"]
[Black "James Reed"]
[Result "0-1"]
[WhiteCountry "SCO"]
[BlackCountry "ENG"]
[WhiteElo "1447"]
[WhiteRD "58"]
[BlackElo "1598"]
[BlackRD "57"]
[GameID "314345"]

1. e4 c6 2. d4 d5 3. Nc3 dxe4 4. Nxe4 Nf6 5. Nxf6+ exf6 6. c4 Bf5 7. Nf3 Bb4+ 8. Bd2 Bxd2+ 9. Qxd2 h6 10. Be2 Qe7
11. O-O O-O 12. Rfe1 Qc7 13. Rac1 Na6 14. a3 Rfe8 15. Bd3 Bxd3 16. Qxd3 Qd7 17. b4 Nc7 18. a4 Rxe1+ 19. Rxe1 Ne6 20. c5 Nf4
21. Qc4 Qg4 22. Qf1 a6 23. Kh1 Qg6 24. g3 Qh5 25. Re3 Nd5 26. Rb3 Nxb4 27. Qg2 a5 28. Kg1 Qd5 29. Nh4 Qxb3
0-1

[Event "Caro-Kann, Can You? July 2012 30/1/45"]
[Site "SchemingMind.com"]
[Date "2012.07.19"]
[Round "-"]
[White "Iucounu"]
[Black "cnile"]
[Result "1-0"]
[WhiteCountry "ENG"]
[BlackCountry "SCO"]
[WhiteElo "1437"]
[WhiteRD "48"]
[BlackElo "1421"]
[BlackRD "61"]
[GameID "314346"]

1. e4 c6 2. d4 d5 3. Nc3 dxe4 4. Nxe4 Nd7 5. Be3 Ngf6 6. Nxf6+ Nxf6 7. Bc4 e6 8. Bg5 Be7 9. Nf3 h6 10. Bh4 g5
11. Bg3 Nd5 12. c3 b5 13. Bd3 Bb7 14. O-O f5 15. Be5 Rg8 16. h3 h5 17. Nh2 a5 18. Qxh5+ Kd7 19. Qe2 b4 20. Rfc1 bxc3
21. bxc3 Ba6 22. Bxa6 Nf4 23. Bxf4 gxf4 24. Rcb1 Kd6 25. Qe5+ Kd7 26. Rb7+ Ke8 27. Be2 Bd6 28. Bh5+ Kf8 29. Rf7+ Ke8 30. Rxf5+ Ke7
31. Rf7+ Ke8 32. Rh7+ Kf8 33. Qxe6 Rxg2+ 34. Kxg2 Qg5+ 35. Ng4 Re8 36. Qf7#
1-0

[Event "Caro-Kann, Can You? July 2012 30/1/45"]
[Site "SchemingMind.com"]
[Date "2012.07.19"]
[Round "-"]
[White "James Reed"]
[Black "cnile"]
[Result "0-1"]
[WhiteCountry "ENG"]
[BlackCountry "SCO"]
[WhiteElo "1581"]
[WhiteRD "56"]
[BlackElo "1421"]
[BlackRD "61"]
[GameID "314347"]

1. e4 c6 2. d4 d5 3. Nc3 dxe4 4. Nxe4 Bf5 5. Ng3 Bg6 6. h4 h6 7. h5 Bh7 8. Nf3 Nd7 9. Bd3 Bxd3 10. Qxd3 e6
11. a3 Ngf6 12. Bf4 Qa5+ 13. Bd2 Qc7 14. O-O-O Bd6 15. Ne4 O-O-O 16. Nxd6+ Qxd6 17. Ba5 Rde8 18. Rh4 Nd5 19. g3 N7f6 20. Re1 Nd7
21. Rhh1 Ne7 22. g4 Qf4+ 23. Qd2 Qxf3 24. Qe2 Qxe2 25. Rxe2 Nd5 26. Bd2 N7f6 27. f3 Nd7 28. Ree1 f5 29. Rhg1 Rhf8 30. g5 hxg5
31. Rxg5 Rg8 32. Kb1 Kc7 33. Re2 N7f6 34. c4 Nb6 35. b3 Nbd7 36. Bc3 Nb6 37. Ba5 Kd7 38. Kb2 Nc8 39. c5 Ne7 40. Rgg2 Nxh5
41. Bd2 Nd5 42. Rh2 Nhf6 43. b4 a6 44. Kb3 Nc7 45. a4 Nfd5 46. Rh4 Rh8 47. Rxh8 Rxh8 48. Rg2 Rg8 49. f4 Ne8 50. a5 Nef6
51. Kc4 Ne4 52. Be1 Ne3+
0-1

[Event "Caro-Kann, Can You? July 2012 30/1/45"]
[Site "SchemingMind.com"]
[Date "2012.07.19"]
[Round "-"]
[White "macBruck"]
[Black "cnile"]
[Result "1-0"]
[WhiteCountry "AUS"]
[BlackCountry "SCO"]
[WhiteElo "1518"]
[WhiteRD "74"]
[BlackElo "1421"]
[BlackRD "61"]
[GameID "314470"]

1. e4 c6 2. d4 d5 3. e5 c5 4. dxc5 Qa5+ 5. Nc3 Nc6 6. Bb5 e6 7. Be3 Ne7 8. a3 Nf5 9. b4 Qc7 10. Nge2 Qxe5
11. Bf4 Qf6 12. Qd2 Bd7 13. Bxc6 Bxc6 14. O-O Be7 15. b5 Bd7 16. Na4 Bxb5 17. Nac3 O-O 18. Nxb5 Bxc5 19. Be3 Bxe3 20. fxe3 Qe7
21. g3 a6 22. Nbd4 Nxd4 23. Nxd4 Rac8 24. c3 Qc5 25. Rfc1 b5 26. Kf2 a5 27. Nf3 f6 28. Qd4 Qd6 29. a4 bxa4 30. c4 Rxc4
31. Rxc4 a3 32. Ra4 e5 33. Qa7 Qc6 34. Qxa5 Qc2+ 35. Kg1 Qd3 36. R4xa3 Qe2 37. Qxd5+
1-0

[Event "Caro-Kann, Can You? July 2012 30/1/45"]
[Site "SchemingMind.com"]
[Date "2012.07.19"]
[Round "-"]
[White "macBruck"]
[Black "Iucounu"]
[Result "1/2-1/2"]
[WhiteCountry "AUS"]
[BlackCountry "ENG"]
[WhiteElo "1518"]
[WhiteRD "74"]
[BlackElo "1437"]
[BlackRD "48"]
[GameID "314471"]

1. e4 c6 2. d4 d5 3. Nc3 dxe4 4. Nxe4 Nf6 5. Nxf6+ exf6 6. Be3 Bb4+ 7. c3 Bd6 8. d5 Bc7 9. dxc6 Nxc6 10. Qxd8+ Nxd8
11. Bb5+ Nc6 12. O-O-O Bd7 13. b4 a6 14. Bc4 O-O-O 15. b5 axb5 16. Bxb5 Rhe8 17. Ne2 Ne5 18. Bxd7+ Rxd7 19. Nd4 Nc6 20. Nb5 Rxd1+
21. Rxd1 b6 22. Kc2 Rd8 23. Nd4 Nxd4+ 24. cxd4 Kb7 25. Rb1 Rd5 26. Kc3 h5 27. h4 f5 28. f4 f6 29. Kc4 Kc6 30. a4 Ra5
31. Ra1 g6 32. Bd2 Ra6 33. d5+ Kd6 34. Bb4+ Kd7 35. Kb5 Ra8 36. g3 Re8 37. a5 bxa5 38. Bxa5 Rd8 39. Bc3 Rb8+ 40. Kc4 Bd8
41. Ra7+ Ke8 42. d6 Rc8+ 43. Kd3 Rc6 44. d7+ Kf7 45. Bd4 Rc7 46. Rxc7=
1/2-1/2

[Event "Caro-Kann, Can You? July 2012 30/1/45"]
[Site "SchemingMind.com"]
[Date "2012.07.18"]
[Round "-"]
[White "macBruck"]
[Black "James Reed"]
[Result "1-0"]
[WhiteCountry "AUS"]
[BlackCountry "ENG"]
[WhiteElo "1577"]
[WhiteRD "73"]
[BlackElo "1535"]
[BlackRD "70"]
[GameID "314472"]

1. e4 c6 2. d4 d5 3. exd5 cxd5 4. Bb5+ Bd7 5. Nc3 Nf6 6. a4 a6 7. Bxd7+ Nbxd7 8. Nf3 h6 9. h3 e6 10. O-O Bd6
11. Re1 Qe7 12. a5 Bb4 13. Bd2 Bxc3 14. Bxc3 O-O 15. Ra4 Rfe8 16. Bb4 Qd8 17. Ne5 Nxe5 18. dxe5 Nd7 19. Qd4 f6 20. Bd6 Nb8
21. Re3 Nd7 22. Qh4 Rc8 23. c3 Nc5 24. Rg3 Nxa4 25. Qxh6 Qd7 26. exf6 Qf7 27. Rxg7+ Qxg7 28. Qxg7#
1-0

[Event "Caro-Kann, Can You? July 2012 30/1/45"]
[Site "SchemingMind.com"]
[Date "2012.07.21"]
[Round "-"]
[White "cnile"]
[Black "macBruck"]
[Result "0-1"]
[WhiteCountry "SCO"]
[BlackCountry "AUS"]
[WhiteElo "1446"]
[WhiteRD "60"]
[BlackElo "1577"]
[BlackRD "73"]
[GameID "314473"]

1. e4 c6 2. d4 d5 3. Nc3 Nf6 4. e5 Ne4 5. Nxe4 dxe4 6. Ne2 e6 7. Ng3 g6 8. Nxe4 Be7 9. c3 h6 10. Be3 Qd5
11. Bd3 Nd7 12. O-O f6 13. exf6 Nxf6 14. Nxf6+ Bxf6 15. Bxg6+ Ke7 16. Re1 b5 17. Bf4 Rg8 18. Be4 Qd7 19. Bf5 Qd5 20. Be4 Qd7
21. Bf5 Qd5 22. Qh5 Qxg2#
0-1

[Event "Caro-Kann, Can You? July 2012 30/1/45"]
[Site "SchemingMind.com"]
[Date "2012.07.20"]
[Round "-"]
[White "Iucounu"]
[Black "macBruck"]
[Result "1-0"]
[WhiteCountry "ENG"]
[BlackCountry "AUS"]
[WhiteElo "1437"]
[WhiteRD "48"]
[BlackElo "1518"]
[BlackRD "74"]
[GameID "314474"]

1. e4 c6 2. d4 d5 3. Nc3 a6 4. exd5 cxd5 5. Qf3 Nf6 6. Bg5 Qd6 7. Bxf6 Qe6+ 8. Be5 Nc6 9. Bd3 Nxe5 10. dxe5 Qxe5+
11. Qe2 Qd4 12. Nf3 Qb4 13. Rb1 Be6 14. O-O d4 15. a3 Qb6 16. Nd1 g6 17. Qe5 Rg8 18. Qxd4 Qxd4 19. Nxd4 f5 20. Nxe6 b5
21. Nxf8 Rxf8 22. c4 Rd8 23. Be2 Rd2 24. Re1 Rf6 25. cxb5 a5 26. a4 Re6 27. Kf1 Rd4 28. b3 Kd8 29. Bc4 Rxe1+ 30. Kxe1 f4
31. Nc3 Kd7 32. Rd1 e5 33. Rxd4+ exd4 34. Ne2 g5 35. Nxd4 Kd6 36. Nf3 h6 37. Kd2 g4 38. Ne1 h5 39. Nd3 g3 40. hxg3 fxg3
41. fxg3
1-0

[Event "Caro-Kann, Can You? July 2012 30/1/45"]
[Site "SchemingMind.com"]
[Date "2012.07.18"]
[Round "-"]
[White "James Reed"]
[Black "macBruck"]
[Result "1-0"]
[WhiteCountry "ENG"]
[BlackCountry "AUS"]
[WhiteElo "1535"]
[WhiteRD "70"]
[BlackElo "1577"]
[BlackRD "73"]
[GameID "314475"]

1. e4 c6 2. d4 d5 3. Nc3 e6 4. e5 Bb4 5. Nf3 Nd7 6. Bd2 a5 7. Bd3 Nb6 8. b3 h6 9. h3 g5 10. a3 Bxc3
11. Bxc3 h5 12. Bd2 a4 13. Nxg5 f6 14. Bg6+ Kf8 15. Nf7 Qc7 16. Bb4+ Kg7 17. Nxh8 fxe5 18. Qxh5 Nh6 19. Nf7 Nxf7 20. Qh7+ Kf6
21. Bh5 exd4 22. Qg6+ Ke5 23. O-O Nd6 24. f4#
1-0

[Event "Caro-Kann, Can You? July 2012 30/1/45"]
[Site "SchemingMind.com"]
[Date "2012.07.19"]
[Round "-"]
[White "ray winteringham"]
[Black "cnile"]
[Result "1-0"]
[WhiteCountry "ENG"]
[BlackCountry "SCO"]
[WhiteElo "1510"]
[WhiteRD "50"]
[BlackElo "1446"]
[BlackRD "60"]
[GameID "314483"]

1. e4 c6 2. d4 d5 3. exd5 cxd5 4. Nf3 Nf6 5. c3 Bf5 6. Bd3 Bxd3 7. Qxd3 Nc6 8. Be3 e6 9. O-O Bd6 10. a4 O-O
11. Re1 Qb6 12. b4 Rac8 13. a5 Qc7 14. b5 Nxa5 15. g3 Nc4 16. Rxa7 Ne4 17. Nbd2 Nxe3 18. Rxe3 Nxd2 19. Nxd2 Qb6 20. Ra1 g6
21. c4 dxc4 22. Nxc4 Rfd8 23. Nxb6
1-0

[Event "Caro-Kann, Can You? July 2012 30/1/45"]
[Site "SchemingMind.com"]
[Date "2012.07.16"]
[Round "-"]
[White "ray winteringham"]
[Black "macBruck"]
[Result "1/2-1/2"]
[WhiteCountry "ENG"]
[BlackCountry "AUS"]
[WhiteElo "1532"]
[WhiteRD "50"]
[BlackElo "1554"]
[BlackRD "77"]
[GameID "314484"]

1. e4 c6 2. d4 d5 3. exd5 cxd5 4. c4 Nf6 5. Bg5 Be6 6. Nf3 dxc4 7. Nc3 Nbd7 8. Be2 Qa5 9. O-O Qc7 10. h3 h6
11. Be3 g5 12. Rc1 g4 13. hxg4 Nxg4 14. Qd2 Qc6 15. d5 Bxd5 16. Nd4 Qg6 17. Bxg4 Nf6 18. Bh3 Ng4 19. Nxd5 Rc8 20. Bxg4 Qxg4
21. Qb4 Qd7 22. Nf4 e5 23. Qb5 Qxb5 24. Nxb5 exf4 25. Bxf4 Rc5 26. Nxa7 f6 27. Rfe1+ Kf7 28. b4 Rf5 29. g3 Bxb4 30. Red1 b5
31. Rd7+ Kg6 32. Rb7 Rh7 33. Rxb5 Bc5 34. Be3 Bxa7 35. Rxf5 Bxe3 36. Rxf6+ Kxf6 37. fxe3 Rc7 38. Kf2 Ke5 39. Rc3 Kd5 40. Ke2 Ra7
41. a3 h5 42. Kf3 Rf7+ 43. Ke2 Rg7 44. Kf3 Rf7+ 45. Ke2 Re7=
1/2-1/2

[Event "Caro-Kann, Can You? July 2012 30/1/45"]
[Site "SchemingMind.com"]
[Date "2012.07.19"]
[Round "-"]
[White "ray winteringham"]
[Black "Iucounu"]
[Result "1-0"]
[WhiteCountry "ENG"]
[BlackCountry "ENG"]
[WhiteElo "1532"]
[WhiteRD "50"]
[BlackElo "1384"]
[BlackRD "49"]
[GameID "314485"]

1. e4 c6 2. d4 d5 3. exd5 cxd5 4. Nf3 Bg4 5. h3 Bxf3 6. Qxf3 e6 7. Bd3 Nf6 8. O-O Bd6 9. Be3 O-O 10. Bg5 h6
11. Bh4 Be7 12. c4 dxc4 13. Bxc4 Nc6 14. Rd1 Rb8 15. d5 Na5 16. dxe6 Qxd1+ 17. Qxd1 Nxc4 18. Qb3 Na5 19. exf7+ Rxf7 20. Qg3 Rbf8
21. Nd2 Kh7 22. Qc7 Bb4 23. Qc2+ Kh8 24. Nf3 Nc6 25. a3
1-0

[Event "Caro-Kann, Can You? July 2012 30/1/45"]
[Site "SchemingMind.com"]
[Date "2012.07.18"]
[Round "-"]
[White "ray winteringham"]
[Black "James Reed"]
[Result "1-0"]
[WhiteCountry "ENG"]
[BlackCountry "ENG"]
[WhiteElo "1510"]
[WhiteRD "50"]
[BlackElo "1535"]
[BlackRD "70"]
[GameID "314486"]

1. e4 c6 2. d4 d5 3. exd5 cxd5 4. c4 Nf6 5. Be3 Nc6 6. Bg5 h6 7. Bxf6 exf6 8. Nf3 Bf5 9. c5 Be7 10. Bb5 O-O
11. O-O Bg4 12. Nbd2 a6 13. Be2 f5 14. h3 Bxf3 15. Nxf3 Bf6 16. a3 Re8 17. Re1 Qc7 18. Bd3 Qd7 19. Qc2 Ne7 20. b4 Nc6
21. Bxf5 Qc7 22. Red1 Ne7 23. Bg4 Ng6 24. Bf5 Qf4 25. Bxg6 Qc7 26. Bh5 g6 27. Bg4 h5 28. Bxh5 gxh5 29. Qf5 Qd8 30. Qxh5 Qd7
31. Qh6 Bg7 32. Qh5 f6 33. Nh4 Qf7 34. Qf5 Re6 35. Re1 Rae8 36. Red1 Re4 37. Rd3 Rxh4 38. Rg3 Rxd4 39. Rc1 Rde4 40. Rd1 d4
41. Rdd3 R8e7 42. Rdf3 Kh8 43. Rg6 R7e5 44. Qc8+ Re8 45. Qf5 Re1+ 46. Kh2 Qc7+ 47. Rfg3 Qe5 48. Qxe5 R1xe5 49. Rxg7 d3 50. R7g4 Rd5
51. Rh4+ Rh5 52. Rxh5#
1-0

[Event "Caro-Kann, Can You? July 2012 30/1/45"]
[Site "SchemingMind.com"]
[Date "2012.07.20"]
[Round "-"]
[White "cnile"]
[Black "ray winteringham"]
[Result "0-1"]
[WhiteCountry "SCO"]
[BlackCountry "ENG"]
[WhiteElo "1446"]
[WhiteRD "60"]
[BlackElo "1510"]
[BlackRD "50"]
[GameID "314487"]

1. e4 c6 2. d4 d5 3. exd5 cxd5 4. c4 e6 5. Nc3 Bb4 6. Bd3 Nf6 7. Nf3 Bxc3+ 8. bxc3 Qc7 9. cxd5 Nxd5 10. Ba3 Bd7
11. Rc1 a6 12. O-O Nf6 13. Re1 Qa5 14. Qb3 Bc6 15. Bf5 Qxf5 16. Ne5 Bd5 17. Qa4+ Nc6 18. c4 Be4 19. Nxc6 bxc6 20. f3 Bxf3
21. Qxc6+ Bxc6
0-1

[Event "Caro-Kann, Can You? July 2012 30/1/45"]
[Site "SchemingMind.com"]
[Date "2012.07.17"]
[Round "-"]
[White "macBruck"]
[Black "ray winteringham"]
[Result "1-0"]
[WhiteCountry "AUS"]
[BlackCountry "ENG"]
[WhiteElo "1577"]
[WhiteRD "73"]
[BlackElo "1510"]
[BlackRD "50"]
[GameID "314488"]

1. e4 c6 2. d4 d5 3. exd5 cxd5 4. Bf4 e6 5. a3 Bd6 6. Ne2 Nf6 7. Nbc3 Nc6 8. Nb5 Bxf4 9. Nxf4 O-O 10. Bd3 Bd7
11. Nh5 a6 12. Nd6 Qb6 13. Nxf6+ gxf6 14. Qg4+ Kh8 15. b4 Nxd4 16. Qh4 Nf5 17. Qxf6+ Ng7 18. Nf5 exf5 19. Qxb6
1-0

[Event "Caro-Kann, Can You? July 2012 30/1/45"]
[Site "SchemingMind.com"]
[Date "2012.07.20"]
[Round "-"]
[White "Iucounu"]
[Black "ray winteringham"]
[Result "0-1"]
[WhiteCountry "ENG"]
[BlackCountry "ENG"]
[WhiteElo "1384"]
[WhiteRD "49"]
[BlackElo "1532"]
[BlackRD "50"]
[GameID "314489"]

1. e4 c6 2. d4 d5 3. Nc3 e6 4. e5 Bb4 5. Bd2 f6 6. exf6 Nxf6 7. a3 Ba5 8. Nf3 Bxc3 9. Bxc3 O-O 10. Ne5 Nbd7
11. Nxd7 Bxd7 12. Bd3 Qe8 13. O-O b6 14. b4 Rc8 15. Bb2 Nh5 16. c4 Nf6 17. c5 Nh5 18. Bc1 e5 19. Be2 Nf4 20. Bxf4 Rxf4
21. dxe5 Qxe5 22. Bf3 Rcf8 23. Re1 Qg5 24. Ra2 Rxf3 25. Re3 Bh3 26. Qf1 Rxe3
0-1

[Event "Caro-Kann, Can You? July 2012 30/1/45"]
[Site "SchemingMind.com"]
[Date "2012.07.18"]
[Round "-"]
[White "James Reed"]
[Black "ray winteringham"]
[Result "1-0"]
[WhiteCountry "ENG"]
[BlackCountry "ENG"]
[WhiteElo "1535"]
[WhiteRD "70"]
[BlackElo "1510"]
[BlackRD "50"]
[GameID "314490"]

1. e4 c6 2. d4 d5 3. Nc3 dxe4 4. Nxe4 Bf5 5. Ng3 Bg6 6. h4 e5 7. h5 Bxc2 8. Qxc2 Qxd4 9. Be3 Qd6 10. Bc4 Qb4+
11. Bd2 Qb6 12. Nf3 Nf6 13. Bg5 Nbd7 14. Be3 Qc7 15. Bd3 Nd5 16. a3 Nxe3 17. fxe3 e4 18. Nxe4 Be7 19. O-O-O O-O-O 20. g4 g6
21. g5 Kb8 22. Kb1 f5 23. Nc3 Qb6 24. Nd4 Rde8 25. Qb3 Bxg5 26. Qxb6 Nxb6 27. Rde1 Bxe3 28. Nc2 Bd2 29. Rd1 Bxc3 30. bxc3 Nd5
31. Rdf1 Nxc3+ 32. Ka1 Na4 33. hxg6 hxg6 34. Rhg1 Nc5 35. Bc4 Ne4 36. Bf7 Rd8 37. Bxg6 Rh2 38. Bxf5 Nc3 39. Rh1 Rhd2 40. Kb2 Na4+
41. Kc1 Nc3 42. Rh7 Nb5 43. Re1 Rxc2+ 44. Bxc2 Nxa3 45. Ree7 Nb5 46. Bf5 Nd6 47. Bh3 c5 48. Bg2
1-0

[Event "Caro-Kann, Can You? July 2012 30/1/45"]
[Site "SchemingMind.com"]
[Date "2012.07.19"]
[Round "-"]
[White "krzysztof"]
[Black "macBruck"]
[Result "1-0"]
[WhiteCountry "POL"]
[BlackCountry "AUS"]
[WhiteElo "1608"]
[WhiteRD "75"]
[BlackElo "1518"]
[BlackRD "74"]
[GameID "314518"]

1. e4 c6 2. d4 d5 3. Bf4 dxe4 4. Nc3 f5 5. Be2 e6 6. Be5 Nd7 7. Bh5+ Ke7 8. Bg3 g6 9. Be2 b5 10. a3 Bb7
11. f3 h6 12. fxe4 Bg7 13. exf5 gxf5 14. Nf3 Bf6 15. Bh4 a6 16. Bd3 Qe8 17. Qe2 Qh5 18. g3 c5 19. Rf1 Kf7 20. O-O-O cxd4
21. Bxf6 Kxf6 22. Nb1 Re8 23. h4 Bd5 24. Nxd4 Qxe2 25. Bxe2 Ne5 26. Nc3 h5 27. Nxd5+ Kf7 28. Nf4 Ng4 29. Bxg4 hxg4 30. Nc6 Nf6
31. Ne5+ Kg7 32. Rd6 Nd5 33. Nxe6+ Kg8 34. Rxf5 Rh6 35. Rg5+ Kh8 36. Nf7+ Kh7 37. Rg7#
1-0

[Event "Caro-Kann, Can You? July 2012 30/1/45"]
[Site "SchemingMind.com"]
[Date "2012.07.18"]
[Round "-"]
[White "krzysztof"]
[Black "ray winteringham"]
[Result "1-0"]
[WhiteCountry "POL"]
[BlackCountry "ENG"]
[WhiteElo "1638"]
[WhiteRD "80"]
[BlackElo "1510"]
[BlackRD "50"]
[GameID "314519"]

1. e4 c6 2. d4 d5 3. Nc3 dxe4 4. Nxe4 Nf6 5. Ng3 Bg4 6. f3 Bh5 7. Nh3 Bg6 8. Bc4 e6 9. f4 h6 10. Be3 Ne4
11. Qf3 Nxg3 12. Qxg3 Bxc2 13. O-O Nd7 14. f5 Bxf5 15. Rae1 Bb4 16. Qxg7 Ke7 17. Bxe6 Bxe6 18. Bg5+ hxg5 19. Qxf7+ Kd6 20. Qxe6+ Kc7
21. Rf7 Bxe1 22. Qe5+ Kc8 23. Qxe1 Qc7 24. Qe6 b5 25. Rf1 Kb7 26. d5 cxd5 27. Qxd5+ Ka6 28. b4 Rae8 29. a4 bxa4 30. Ra1 Re5
31. Rxa4+ Kb6 32. Qd4+ Kc6 33. Qc4+ Kb7 34. Qa6+ Ka8 35. Ra1 Qc3 36. Qxa7#
1-0

[Event "Caro-Kann, Can You? July 2012 30/1/45"]
[Site "SchemingMind.com"]
[Date "2012.07.19"]
[Round "-"]
[White "krzysztof"]
[Black "Iucounu"]
[Result "1-0"]
[WhiteCountry "POL"]
[BlackCountry "ENG"]
[WhiteElo "1624"]
[WhiteRD "77"]
[BlackElo "1384"]
[BlackRD "49"]
[GameID "314520"]

1. e4 c6 2. d4 d5 3. Nc3 dxe4 4. Nxe4 Nf6 5. Ng5 h6 6. N5h3 Bxh3 7. gxh3 e6 8. Be3 Nd5 9. Bg2 Bd6 10. Nf3 Nxe3
11. fxe3 O-O 12. Qd3 Nd7 13. O-O-O Qf6 14. e4 Bc7 15. Rhe1 Qf4+ 16. Kb1 e5 17. dxe5 Nxe5 18. Nxe5 Bxe5 19. Rf1 Qxh2 20. Qf3 Qf4
21. Qxf4 Bxf4 22. Rxf4 Rad8 23. Rd3 Rxd3 24. cxd3 Rd8 25. Bf1 g5 26. Rf6 Kg7 27. Rf3 Rd6 28. e5 Re6 29. Re3 f5 30. Bg2 f4
31. Re1 h5 32. Bf3 Kg6 33. d4 b6 34. Kc2
1-0

[Event "Caro-Kann, Can You? July 2012 30/1/45"]
[Site "SchemingMind.com"]
[Date "2012.07.18"]
[Round "-"]
[White "krzysztof"]
[Black "James Reed"]
[Result "1-0"]
[WhiteCountry "POL"]
[BlackCountry "ENG"]
[WhiteElo "1638"]
[WhiteRD "80"]
[BlackElo "1535"]
[BlackRD "70"]
[GameID "314521"]

1. e4 c6 2. d4 d5 3. e5 Bf5 4. Nf3 e6 5. Bg5 Be7 6. Bf4 h6 7. h4 Bb4+ 8. c3 Ba5 9. h5 Ne7 10. Bd3 Qb6
11. Qd2 Nd7 12. a3 Bg4 13. b4 O-O 14. Rh4 Bxf3 15. gxf3 a6 16. Rg4 g6 17. Bxh6 Rfc8 18. hxg6 fxg6 19. Bxg6 Nxg6 20. Rxg6+ Kf7
21. Rg7+ Ke8 22. Rg8+ Kf7 23. Rg7+ Ke8 24. Qg5 Nf8 25. Qe7#
1-0

[Event "Caro-Kann, Can You? July 2012 30/1/45"]
[Site "SchemingMind.com"]
[Date "2012.07.19"]
[Round "-"]
[White "cnile"]
[Black "krzysztof"]
[Result "0-1"]
[WhiteCountry "SCO"]
[BlackCountry "POL"]
[WhiteElo "1446"]
[WhiteRD "60"]
[BlackElo "1638"]
[BlackRD "80"]
[GameID "314522"]

1. e4 c6 2. d4 d5 3. exd5 Qa5+ 4. Bd2 Qxd5 5. c3 Bf5 6. Nf3 Nh6 7. Ne5 b5 8. Bf4 Nd7 9. Nf3 Nf6 10. Nbd2 e6
11. Be2 Be4 12. O-O Bd6 13. Nxe4 Bxf4 14. Nxf6+ gxf6 15. a3 Ng4 16. h3 h5 17. Qd3 Qd6 18. Rad1 Nh2 19. Rfe1 Rg8 20. Qh7 Nxf3+
21. Bxf3 Qf8 22. Bxc6+ Ke7 23. Bd5 e5 24. Bxa8 Qxa8 25. dxe5 Qxg2#
0-1

[Event "Caro-Kann, Can You? July 2012 30/1/45"]
[Site "SchemingMind.com"]
[Date "2012.07.19"]
[Round "-"]
[White "macBruck"]
[Black "krzysztof"]
[Result "1-0"]
[WhiteCountry "AUS"]
[BlackCountry "POL"]
[WhiteElo "1518"]
[WhiteRD "74"]
[BlackElo "1608"]
[BlackRD "75"]
[GameID "314523"]

1. e4 c6 2. d4 d5 3. e5 Bf5 4. Bd3 Bd7 5. c4 e6 6. c5 b6 7. Nf3 bxc5 8. b3 c4 9. bxc4 Bb4+ 10. Bd2 a5
11. a3 Be7 12. c5 f6 13. O-O f5 14. g3 g5 15. Nxg5 Bxg5 16. f4 Bh6 17. a4 Ne7 18. Qh5+ Ng6 19. Qxh6 Qe7 20. Qh5 Rg8
21. h3 Kd8 22. Be1 Be8 23. Kh2 Nxf4 24. Qd1 Nxh3 25. Kxh3 Rg5 26. Be2 Qg7 27. g4 Qh6+ 28. Kg3 fxg4 29. Rf6 Qh3+ 30. Kf4 Rf5+
31. Rxf5 exf5 32. Qd3 Qh5 33. Qxf5 Qxf5+ 34. Kxf5 h5 35. Bh4+ Kc7 36. e6 Na6 37. Be1 Nb4 38. Bxb4 axb4 39. a5 g3 40. Nd2 h4
41. Bg4 Rb8 42. a6 b3 43. Bh3 b2 44. Rb1 Rb4 45. Ke5 Kb8 46. Nf3 Bg6 47. e7 Ka7 48. Nxh4 Kxa6 49. Nxg6 Rb8 50. Nf8 Ka5
51. Kd6 Ka4 52. Rxb2 Rxb2 53. e8=Q g2 54. Qxc6+ Kb3 55. Bxg2 Rxg2 56. Qxd5+ Kb2 57. Qxg2+ Kc3 58. Kd5 Kd3 59. c6 Ke3 60. c7 Kf4
61. c8=Q Ke3 62. Qcg4 Kd3 63. Q4g3#
1-0

[Event "Caro-Kann, Can You? July 2012 30/1/45"]
[Site "SchemingMind.com"]
[Date "2012.07.18"]
[Round "-"]
[White "ray winteringham"]
[Black "krzysztof"]
[Result "1-0"]
[WhiteCountry "ENG"]
[BlackCountry "POL"]
[WhiteElo "1510"]
[WhiteRD "50"]
[BlackElo "1638"]
[BlackRD "80"]
[GameID "314524"]

1. e4 c6 2. d4 d5 3. exd5 cxd5 4. Nf3 Nh6 5. Bd3 Nc6 6. Be3 e6 7. O-O Bd6 8. Bxh6 gxh6 9. Nc3 Bd7 10. Ne2 Qc7
11. a3 O-O-O 12. c3 e5 13. Bc2 e4 14. Nd2 Bxh2+ 15. Kh1 Rhg8 16. g3 Rg5 17. Kxh2 Bg4 18. f3 Rh5+ 19. Kg2 Bh3+ 20. Kf2 e3+
21. Kxe3 Re8+ 22. Kf2 Bxf1 23. Nxf1 f5 24. Nf4 Rg5 25. Nxd5 Qd6 26. f4 Qxd5 27. Qf3 Qxf3+ 28. Kxf3 Rh5 29. Ne3 Ne7 30. b4 Rg8
31. Re1 Kd7 32. Rg1 Ke6 33. d5+ Nxd5 34. Nxd5 Kxd5 35. Bb3+ Kc6 36. Bxg8 Rh2 37. Bxh7 Ra2 38. Re1 Rxa3 39. Re3 a5 40. bxa5 Rxa5
41. Re6+ Kc7 42. Rxh6 Rc5 43. Kg2 Kb8 44. Rf6 Rxc3 45. Bxf5 b5 46. Rb6+ Kc7 47. Rxb5 Kc6 48. Rb8 Kd6 49. Kh3
1-0